[Event "Unna op"]
[Site "Unna"]
[Date "2008.12.29"]
[Round "5"]
[White "Kartsev, Soel"]
[Black "Van Ackeren, Franz"]
[Result "1-0"]
[WhiteElo "2200"]
[BlackElo "2082"]
[PlyCount "55"]
[EventDate "2008.12.27"]
[EventType "swiss"]
[EventRounds "7"]
[EventCountry "GER"]
[SourceTitle "CBM 128 Extra"]
[Source "ChessBase"]
[SourceDate "2009.03.05"]
[SourceVersion "2"]
[SourceVersionDate "2009.03.25"]
[SourceQuality "1"]

1. d4 g6 2. e4 Bg7 3. Nc3 d5 4. Nxd5 c6 5. Nc3 Qxd4 6. Qxd4 Bxd4 7. Nge2 Bg7 8. f4 Nd7 9. Be3 Ngf6 10. h3 e5 11. g3 0-0 12. 0-0-0 Re8 13. f5 gxf5 14. exf5 Nb6 15. g4 h6 16. Bg2 Nc4 17. Bc5 e4 18. Ng3 b6 19. Bd4 Nd5 20. Bxe4 Nxc3 21. bxc3 Bxd4 22. Rxd4 Na5 23. Nh5 Kh8 24. Nf6 Rf8 25. Rd6 Kg7 26. Rhd1 Bb7 27. Nh5+ Kh7 28. Rf6 1-0

[Event "Unna op"]
[Site "Unna"]
[Date "2008.12.29"]
[Round "6"]
[White "Van Ackeren, Franz"]
[Black "Dolgopolyj, Vladimir"]
[Result "1/2-1/2"]
[WhiteElo "2082"]
[BlackElo "2046"]
[PlyCount "104"]
[EventDate "2008.12.27"]
[EventType "swiss"]
[EventRounds "7"]
[EventCountry "GER"]
[SourceTitle "CBM 128 Extra"]
[Source "ChessBase"]
[SourceDate "2009.03.05"]
[SourceVersion "2"]
[SourceVersionDate "2009.03.25"]
[SourceQuality "1"]

1. d4 Nf6 2. Nf3 g6 3. c4 Bg7 4. Nc3 0-0 5. Bf4 h6 6. h3 c5 7. d5 Qa5 8. Qd2 d6 9. Bxh6 a6 10. Bxg7 Kxg7 11. Ne4 Qxd2+ 12. Nexd2 b5 13. e4 bxc4 14. Bxc4 Nbd7 15. 0-0 Nb6 16. Ng5 Bd7 17. f4 Kh6 18. g4 Bb5 19. b3 Rab8 20. Rab1 Kg7 21. Kg2 Bxc4 22. bxc4 Na4 23. e5 Nh7 24. Nge4 f5 25. exf6+ Nxf6 26. Ng5 Rfe8 27. Rxb8 Rxb8 28. Rb1 Nb2 29. a4 a5 30. Ne6+ Kf7 31. g5 Nd7 32. Kg3 Rb4 33. Nd8+ Kf8 34. Nc6 Rb6 35. Nxa5 Nxa4 36. Rxb6 Naxb6 37. Nc6 Kf7 38. Kg4 e5 39. f5 e4 40. fxg6+ Kxg6 41. Nxe4 Nxc4 42. Ne7+ Kf7 43. Nf5 Nde5+ 44. Kh5 Kg8 45. g6 Nd7 46. Kg5 Ncb6 47. Ne3 Ne5 48. Nxd6 c4 49. h4 c3 50. h5 Nxd5 51. Nc2 Ne7 52. Nf5 N7xg6 1/2-1/2

[Event "Goch op 19th"]
[Site "Goch"]
[Date "2008.10.12"]
[Round "6"]
[White "Van Ackeren, Franz"]
[Black "Prenzler, Daniel"]
[Result "0-1"]
[WhiteElo "2082"]
[BlackElo "2180"]
[PlyCount "86"]
[EventDate "2008.10.09"]
[EventType "swiss"]
[EventRounds "7"]
[EventCountry "GER"]
[SourceTitle "EXT 2011"]
[Source "ChessBase"]
[SourceDate "2010.11.26"]
[SourceVersion "1"]
[SourceVersionDate "2010.11.26"]
[SourceQuality "1"]

1. d4 Nf6 2. Nf3 c5 3. g3 g6 4. Bg2 Bg7 5. 0-0 0-0 6. d5 d6 7. c4 b5 8. cxb5 a6 9. b6 Nbd7 10. Nc3 Nxb6 11. h3 a5 12. e4 Nfd7 13. Re1 Rb8 14. Bf1 Ne5 15. Nxe5 Bxe5 16. f4 Bg7 17. Kh2 e6 18. Rb1 exd5 19. Nxd5 Nxd5 20. exd5 Bf5 21. Bd3 Qd7 22. g4 Bxd3 23. Qxd3 Qa4 24. b3 Qxa2+ 25. Re2 c4 26. Rxa2 cxd3 27. Rd2 Rfe8 28. Rxd3 Re2+ 29. Kg3 Re1 30. Kf2 Rh1 31. Kg2 Re1 32. Kf2 Rbe8 33. Rd2 h6 34. Rc2 g5 35. fxg5 hxg5 36. b4 a4 37. b5 a3 38. b6 Bd4+ 39. Kf3 Bb2 40. b7 a2 41. Rbxb2 a1Q 42. Rc8 Qa3+ 43. Kg2 Qa7 0-1

[Event "Goch op 19th"]
[Site "Goch"]
[Date "2008.10.10"]
[Round "2"]
[White "Van Ackeren, Franz"]
[Black "Podzielny, Karl Heinz"]
[Result "0-1"]
[WhiteElo "2082"]
[BlackElo "2431"]
[PlyCount "80"]
[EventDate "2008.10.09"]
[EventType "swiss"]
[EventRounds "7"]
[EventCountry "GER"]
[SourceTitle "EXT 2011"]
[Source "ChessBase"]
[SourceDate "2010.11.26"]
[SourceVersion "1"]
[SourceVersionDate "2010.11.26"]
[SourceQuality "1"]

1. d4 Nf6 2. Nf3 g6 3. g3 Bg7 4. Bg2 0-0 5. 0-0 d6 6. b3 a5 7. a4 Nc6 8. Bb2 Bf5 9. Nbd2 Qc8 10. Re1 Re8 11. e4 Bg4 12. Qe2 e5 13. d5 Nb4 14. Nc4 Nfxd5 15. Qd2 Ne7 16. Nxa5 Nxc2 17. Qxc2 Rxa5 18. b4 Ra8 19. b5 Bh6 20. Nd2 Be6 21. Red1 Rd8 22. Nc4 b6 23. Kh1 f6 24. Ba3 Bf7 25. Bc1 Bxc1 26. Rdxc1 Qe6 27. Ne3 Ra7 28. Nd5 Nxd5 29. exd5 Qe7 30. Qb3 f5 31. Rc6 Be8 32. Rc4 Rd7 33. a5 bxa5 34. Rca4 e4 35. Rxa5 Rxa5 36. Rxa5 Qe5 37. Ra8 Kg7 38. Bf1 Bf7 39. Bc4 Qd4 40. Kg2 Re7 0-1

[Event "Muensterland Verbandsliga 0708"]
[Site "Germany"]
[Date "2007.11.03"]
[Round "3.5"]
[White "Van Ackeren, Franz"]
[Black "Holstegge, Ludger"]
[Result "0-1"]
[WhiteElo "2100"]
[BlackElo "1934"]
[PlyCount "76"]
[EventDate "2007.09.08"]
[EventType "team"]
[EventRounds "9"]
[EventCountry "GER"]
[SourceTitle "EXT 2009"]
[Source "ChessBase"]
[SourceDate "2008.11.26"]
[SourceVersion "1"]
[SourceVersionDate "2008.11.26"]
[SourceQuality "1"]
[WhiteTeam "Westbevern"]
[BlackTeam "Nordwalde"]
[WhiteTeamCountry "GER"]
[BlackTeamCountry "GER"]

1. Nf3 c5 2. c4 Nc6 3. Nc3 g6 4. g3 Bg7 5. Bg2 Nf6 6. 0-0 e5 7. d3 0-0 8. Bg5 h6 9. Bxf6 Bxf6 10. Rb1 d6 11. Ne1 Be6 12. Nc2 Qd7 13. b4 Rab8 14. a3 Bg7 15. Ne3 Ne7 16. bxc5 dxc5 17. Qb3 b6 18. a4 Bh3 19. Qb5 Qe6 20. a5 Bxg2 21. Kxg2 Nc6 22. axb6 axb6 23. Ned5 Nd4 24. Qa6 e4 25. dxe4 Nxe2 26. Nxe2 Qxe4+ 27. Kg1 Qxe2 28. Rbe1 Qb2 29. Rb1 Qd2 30. Rbd1 Qa5 31. Qxa5 bxa5 32. Ne7+ Kh7 33. Rd5 Rb7 34. Nc6 Ra8 35. Rxc5 a4 36. Rb5 Rc7 37. Rb6 a3 38. Nb4 Rxc4 0-1

[Event "Muensterland Verbandsliga 0607"]
[Site "Germany"]
[Date "2007.03.17"]
[Round "7.6"]
[White "Doennebrink, Elmar"]
[Black "Van Ackeren, Franz"]
[Result "0-1"]
[WhiteElo "2160"]
[BlackElo "2100"]
[PlyCount "77"]
[EventDate "2006.09.16"]
[EventType "team"]
[EventRounds "9"]
[EventCountry "GER"]
[SourceTitle "EXT 2008"]
[Source "ChessBase"]
[SourceDate "2007.11.25"]
[SourceVersion "1"]
[SourceVersionDate "2007.11.25"]
[SourceQuality "1"]
[WhiteTeam "Suedlohn"]
[BlackTeam "Westbevern"]
[WhiteTeamCountry "GER"]
[BlackTeamCountry "GER"]

1. e4 c5 2. Nf3 e6 3. d4 cxd4 4. Nxd4 Nf6 5. Bd3 Nc6 6. Nxc6 bxc6 7. 0-0 d5 8. Nd2 a5 9. Kh1 g6 10. b3 Bg7 11. Ba3 Ng8 12. f4 Bxa1 13. Qxa1 f6 14. exd5 cxd5 15. Nf3 Kf7 16. Ng5+ Kg7 17. Re1 Qb6 18. c4 h6 19. Nf3 dxc4 20. bxc4 Qc7 21. Nh4 g5 22. Ng6 gxf4 23. Nxh8 Kxh8 24. Qd4 Qd7 25. Bd6 Bb7 26. Be4 Bxe4 27. Rxe4 Qb7 28. Rxe6 Qb1+ 29. Qg1 Qxa2 30. Qf1 a4 31. Bxf4 Qb2 32. Bc1 Qd4 33. Be3 Qc3 34. Bxh6 a3 35. Re3 Qd4 36. Rh3 Nxh6 37. Rxh6+ Kg7 38. Rh3 a2 39. Rg3+ 0-1

[Event "Muensterland Verbandsliga 0506"]
[Site "Germany"]
[Date "2005.11.12"]
[Round "4.4"]
[White "Van Ackeren, Franz"]
[Black "Schmeing, Walter"]
[Result "1/2-1/2"]
[WhiteElo "2100"]
[BlackElo "2036"]
[PlyCount "147"]
[EventDate "2005.08.27"]
[EventType "team"]
[EventRounds "9"]
[EventCountry "GER"]
[SourceTitle "EXT 2006"]
[Source "ChessBase"]
[SourceDate "2005.11.24"]
[SourceVersion "1"]
[SourceVersionDate "2005.11.24"]
[SourceQuality "1"]
[WhiteTeam "Westbevern"]
[BlackTeam "Suedlohn"]
[WhiteTeamCountry "GER"]
[BlackTeamCountry "GER"]

1. Nf3 d5 2. d4 Nf6 3. e3 e6 4. Bd3 Be7 5. Nbd2 Nbd7 6. 0-0 0-0 7. Qe2 Re8 8. b3 Bd6 9. c4 e5 10. c5 Bxc5 11. dxc5 e4 12. c6 exd3 13. cxb7 Bxb7 14. Qxd3 Ne4 15. Ba3 Qf6 16. Rfc1 Ne5 17. Qd4 Nxd2 18. Nxd2 Qd8 19. Bb2 f6 20. Rc3 c6 21. Ba3 Qd7 22. Bc5 a6 23. h3 Qf7 24. Bb6 Rac8 25. a4 Nd7 26. a5 Ne5 27. Rf1 Qg6 28. Re1 Nf7 29. Qg4 Qxg4 30. hxg4 Ne5 31. f3 Nd7 32. Rec1 Ba8 33. Bd4 Rb8 34. Kf2 Rb5 35. e4 Rxa5 36. exd5 Rxd5 37. Be3 Ne5 38. Ra1 Bb7 39. Nc4 Nxc4 40. Rxc4 Rd3 41. Bf4 Rxb3 42. Ra2 Rd8 43. g5 fxg5 44. Bxg5 Rd5 45. Bc1 Rbb5 46. Be3 Kf7 47. Re2 h6 48. Rf4+ Kg8 49. Re4 Rd7 50. Rc2 Rb3 51. Rec4 Rc7 52. Rd4 Re7 53. Bd2 Rb5 54. Rdc4 Rd7 55. Be3 Rb1 56. Bc1 Rd6 57. Bd2 Kf7 58. Rf4+ Kg8 59. Rfc4 g5 60. Re4 Kf7 61. Bc3 a5 62. Bxa5 Ba6 63. Ra2 Bb5 64. Bc3 Rd7 65. Rd2 Rxd2+ 66. Bxd2 Rd1 67. Ke3 Bf1 68. g4 Bb5 69. f4 gxf4+ 70. Rxf4+ Kg6 71. Rd4 Rh1 72. Rd6+ Kf7 73. Kf2 Ke7 74. Rxh6 1/2-1/2

[Event "Muensterland Verbandsliga 0506"]
[Site "Germany"]
[Date "2005.09.17"]
[Round "2.5"]
[White "Hoge, Reinhard"]
[Black "Van Ackeren, Franz"]
[Result "0-1"]
[WhiteElo "2026"]
[BlackElo "2100"]
[PlyCount "68"]
[EventDate "2005.08.27"]
[EventType "team"]
[EventRounds "9"]
[EventCountry "GER"]
[SourceTitle "EXT 2006"]
[Source "ChessBase"]
[SourceDate "2005.11.24"]
[SourceVersion "1"]
[SourceVersionDate "2005.11.24"]
[SourceQuality "1"]
[WhiteTeam "Saerbeck"]
[BlackTeam "Westbevern"]
[WhiteTeamCountry "GER"]
[BlackTeamCountry "GER"]

1. d4 g6 2. c4 Bg7 3. Nc3 d6 4. e4 Nc6 5. d5 Nd4 6. Be3 e5 7. dxe6 Nxe6 8. Nf3 Ne7 9. Qd2 Nc6 10. Be2 a6 11. 0-0 0-0 12. Rfd1 b6 13. Rab1 a5 14. a3 a4 15. Qc2 Bd7 16. Rd2 Nc5 17. Bxc5 bxc5 18. Nb5 Re8 19. h3 h5 20. Bd3 g5 21. Nh2 g4 22. hxg4 hxg4 23. Nf1 Nd4 24. Nxd4 Bxd4 25. Ng3 Qh4 26. Bf1 Kg7 27. Rxd4 Rh8 28. Bd3 cxd4 29. c5 Qf6 30. c6 Be6 31. Bb5 Rh6 32. Bxa4 d3 33. Qd1 Qh4 34. Qxd3 Rxa4 0-1

[Event "NRW Class1 0405"]
[Site "Germany"]
[Date "2004.11.21"]
[Round "3.7"]
[White "Kloke, Stephan"]
[Black "Van Ackeren, Franz"]
[Result "1-0"]
[WhiteElo "2101"]
[BlackElo "1993"]
[PlyCount "37"]
[EventDate "2004.10.10"]
[EventType "team"]
[EventRounds "9"]
[EventCountry "GER"]
[SourceTitle "EXT 2006"]
[Source "ChessBase"]
[SourceDate "2005.11.24"]
[SourceVersion "1"]
[SourceVersionDate "2005.11.24"]
[SourceQuality "1"]
[WhiteTeam "Koeln Porz III"]
[BlackTeam "Westbevern"]
[WhiteTeamCountry "GER"]
[BlackTeamCountry "GER"]

1. e4 c5 2. Nf3 e6 3. Nc3 Nc6 4. Be2 Nf6 5. 0-0 Be7 6. d4 cxd4 7. Nxd4 d6 8. Kh1 a6 9. a4 Qc7 10. f4 Na5 11. Qe1 0-0 12. Qg3 Rd8 13. f5 e5 14. Bg5 exd4 15. Bxf6 Bxf6 16. Nd5 Qc6 17. Nxf6+ Kh8 18. Qh4 h6 19. Ng4 1-0

[Event "NRW Class1 0304"]
[Site "Germany"]
[Date "2004.04.25"]
[Round "9.5"]
[White "Silbermann, Frank"]
[Black "Van Ackeren, Franz"]
[Result "1-0"]
[WhiteElo "2153"]
[BlackElo "2014"]
[PlyCount "83"]
[EventDate "2003.09.28"]
[EventType "team"]
[EventRounds "9"]
[EventCountry "GER"]
[SourceTitle "CBM 098 Extra"]
[Source "ChessBase"]
[SourceDate "2004.03.10"]
[SourceVersion "2"]
[SourceVersionDate "2004.03.10"]
[SourceQuality "1"]
[WhiteTeam "Koeln Brueck"]
[BlackTeam "Westbevern"]
[WhiteTeamCountry "GER"]
[BlackTeamCountry "GER"]

1. c4 g6 2. Nc3 Bg7 3. g3 Nf6 4. Bg2 0-0 5. e4 d6 6. Nge2 Nc6 7. 0-0 Rb8 8. Rb1 e5 9. d3 a6 10. Nd5 Nd4 11. Nxf6+ Bxf6 12. Nxd4 exd4 13. f4 Bg7 14. f5 Bd7 15. Qf3 f6 16. b4 c5 17. bxc5 dxc5 18. Bf4 Rc8 19. Rxb7 Bc6 20. Ra7 gxf5 21. Bh3 Qb6 22. Rxg7+ Kxg7 23. Bxf5 Rc7 24. Qh5 Kh8 25. Qh6 Rg7 26. Bxh7 Be8 27. Bf5+ Kg8 28. e5 Qc6 29. Be4 Qb6 30. Bd5+ Bf7 31. exf6 Rh7 32. Qg5+ Kh8 33. Be4 Rg8 34. Qe5 Rh5 35. Qe7 Qe6 36. Qxe6 Bxe6 37. Bd6 Bf7 38. Rb1 Re8 39. Bd5 Kg8 40. Bc6 Re6 41. Rb8+ Kh7 42. Be4+ 1-0

[Event "NRW Class1 0304"]
[Site "Germany"]
[Date "2004.02.08"]
[Round "6.8"]
[White "Schmitz, Thorsten"]
[Black "Van Ackeren, Franz"]
[Result "1-0"]
[WhiteElo "2078"]
[BlackElo "2014"]
[PlyCount "157"]
[EventDate "2003.09.28"]
[EventType "team"]
[EventRounds "9"]
[EventCountry "GER"]
[SourceTitle "CBM 098 Extra"]
[Source "ChessBase"]
[SourceDate "2004.03.10"]
[SourceVersion "2"]
[SourceVersionDate "2004.03.10"]
[SourceQuality "1"]
[WhiteTeam "Herford"]
[BlackTeam "Westbevern"]
[WhiteTeamCountry "GER"]
[BlackTeamCountry "GER"]

1. e4 c5 2. Nc3 Nc6 3. g3 g6 4. Bg2 Bg7 5. d3 Rb8 6. Be3 d6 7. Qd2 b5 8. Nd1 b4 9. Ne2 Nd4 10. 0-0 e6 11. Nc1 Ne7 12. a3 a5 13. axb4 axb4 14. c3 bxc3 15. bxc3 Ndc6 16. Bh6 0-0 17. Bxg7 Kxg7 18. Ne3 d5 19. exd5 exd5 20. c4 Be6 21. cxd5 Nxd5 22. Nxd5 Bxd5 23. Qc3+ Nd4 24. Qxc5 Nf3+ 25. Kh1 Rc8 26. Qe3 Qf6 27. Ra5 Rfe8 28. Qf4 Qxf4 29. gxf4 Nd2 30. Rd1 Bxg2+ 31. Kxg2 Rxc1 32. Rxc1 Nb3 33. Rcc5 Nxc5 34. Rxc5 Rd8 35. Rc3 Kf6 36. Kf3 h5 37. Ra3 Rd6 38. h3 Kf5 39. Ra5+ Kf6 40. Ke4 Rb6 41. Rc5 Ra6 42. h4 Rb6 43. d4 Ra6 44. f3 Re6+ 45. Re5 Ra6 46. Kd5 Ra3 47. Ke4 Ra1 48. Rb5 Ra6 49. f5 g5 50. hxg5+ Kxg5 51. Rb8 Ra1 52. Rg8+ Kf6 53. Rh8 Re1+ 54. Kf4 Rd1 55. Ke4 Re1+ 56. Kf4 Rd1 57. Rh6+ Ke7 58. Rxh5 Rxd4+ 59. Ke5 Rd6 60. Rh7 Ra6 61. Rh1 f6+ 62. Kf4 Ra4+ 63. Kg3 Ra5 64. Rh7+ Kd6 65. Kg4 Ra1 66. Rf7 Ke5 67. Re7+ Kd5 68. Re6 Ra4+ 69. f4 Ra1 70. Rxf6 Rg1+ 71. Kf3 Rf1+ 72. Ke3 Ra1 73. Kf3 Rf1+ 74. Ke3 Ra1 75. Rb6 Ra3+ 76. Ke2 Ke4 77. f6 Ra2+ 78. Ke1 Kxf4 79. f7 1-0

[Event "NRW Class1 0304"]
[Site "Germany"]
[Date "2004.01.11"]
[Round "5.7"]
[White "Van Ackeren, Franz"]
[Black "Peter, Thomas"]
[Result "1/2-1/2"]
[WhiteElo "2014"]
[BlackElo "2244"]
[PlyCount "81"]
[EventDate "2003.09.28"]
[EventType "team"]
[EventRounds "9"]
[EventCountry "GER"]
[SourceTitle "CBM 098 Extra"]
[Source "ChessBase"]
[SourceDate "2004.03.10"]
[SourceVersion "2"]
[SourceVersionDate "2004.03.10"]
[SourceQuality "1"]
[WhiteTeam "Westbevern"]
[BlackTeam "Wattenscheid II"]
[WhiteTeamCountry "GER"]
[BlackTeamCountry "GER"]

1. Nf3 g6 2. d4 Bg7 3. c4 Nf6 4. g3 0-0 5. Bg2 d6 6. 0-0 Nc6 7. d5 Na5 8. Nfd2 b6 9. Nc3 Nb7 10. Rb1 Bd7 11. b4 Qc8 12. Re1 Nh5 13. Bb2 e5 14. dxe6 fxe6 15. Nb3 Rb8 16. a3 Kh8 17. Ne4 Nd8 18. Bxg7+ Nxg7 19. Nc3 Qa6 20. Qd3 Nf7 21. f4 Qc8 22. Nb5 a6 23. Na7 Qe8 24. b5 axb5 25. Nxb5 Qd8 26. a4 e5 27. e3 Bf5 28. Be4 Qd7 29. Ra1 Bxe4 30. Qxe4 g5 31. Rf1 Rbe8 32. f5 Nh5 33. g4 Nf6 34. Qg2 Kg7 35. a5 bxa5 36. Rxa5 Rb8 37. Ra7 Rfc8 38. Rfa1 Rxb5 39. cxb5 Qxb5 40. Nd2 Qb6 41. R1a3 1/2-1/2

[Event "NRW Class1 0304"]
[Site "Germany"]
[Date "2003.10.12"]
[Round "2.8"]
[White "Van Ackeren, Franz"]
[Black "Rohr, Oliver"]
[Result "1/2-1/2"]
[WhiteElo "2014"]
[BlackElo "1934"]
[PlyCount "88"]
[EventDate "2003.09.28"]
[EventType "team"]
[EventRounds "9"]
[EventCountry "GER"]
[SourceTitle "CBM 098 Extra"]
[Source "ChessBase"]
[SourceDate "2004.03.10"]
[SourceVersion "2"]
[SourceVersionDate "2004.03.10"]
[SourceQuality "1"]
[WhiteTeam "Westbevern"]
[BlackTeam "Krefeld"]
[WhiteTeamCountry "GER"]
[BlackTeamCountry "GER"]

1. Nf3 c5 2. e3 Nf6 3. d4 cxd4 4. exd4 e6 5. Bd3 b6 6. Qe2 Bb7 7. Bg5 Be7 8. Bxf6 Bxf6 9. Nbd2 0-0 10. Ne4 d5 11. Nxf6+ Qxf6 12. Ne5 Qf4 13. g3 Qxd4 14. 0-0-0 Qa4 15. c3 h6 16. Bc2 Qe8 17. Qd3 f5 18. Rhe1 Nd7 19. Qd4 Nxe5 20. Rxe5 Qf7 21. Rde1 Rae8 22. Ba4 Re7 23. Qe3 f4 24. Qd3 Bc8 25. Bc2 g6 26. Kb1 Rc7 27. h4 Qf6 28. Qxg6+ Qxg6 29. Bxg6 fxg3 30. fxg3 Kg7 31. h5 Rc4 32. Bd3 Rc7 33. g4 Rf3 34. Kc2 Rcf7 35. g5 Rf2+ 36. R1e2 Rxe2+ 37. Bxe2 hxg5 38. Rxg5+ Kf8 39. Kd2 Bd7 40. Ke3 Be8 41. Kd4 Rf4+ 42. Ke3 Re4+ 43. Kd2 Rh4 44. Ke3 Re4+ 1/2-1/2

[Event "Muensterland Verbandsklasse-B 0203"]
[Site "Muensterland"]
[Date "2003.04.05"]
[Round "8.1"]
[White "Van Ackeren, Franz"]
[Black "Duchhardt, Christoph"]
[Result "1-0"]
[WhiteElo "1981"]
[BlackElo "1892"]
[PlyCount "47"]
[EventDate "2002.09.28"]
[EventType "team"]
[EventRounds "9"]
[EventCountry "GER"]
[SourceTitle "EXT 2004"]
[Source "ChessBase"]
[SourceDate "2003.11.25"]
[SourceVersion "1"]
[SourceVersionDate "2003.11.25"]
[SourceQuality "1"]
[WhiteTeam "Westbevern II"]
[BlackTeam "Muenster SK IV"]
[WhiteTeamCountry "GER"]
[BlackTeamCountry "GER"]

1. Nf3 Nf6 2. d4 d5 3. c4 c6 4. Nc3 e6 5. Bg5 dxc4 6. a4 Bb4 7. g3 0-0 8. Bg2 c5 9. 0-0 cxd4 10. Nxd4 Nbd7 11. Nc2 Bxc3 12. bxc3 a6 13. Ne3 Qc7 14. Qd4 h6 15. Bxf6 Nxf6 16. Qxc4 Qxc4 17. Nxc4 Rb8 18. Na5 Nd7 19. Rfb1 Nc5 20. Rb4 b5 21. Nc6 Rb6 22. axb5 Rxb5 23. Rxb5 axb5 24. Ne7+ 1-0

[Event "Muensterland Verbandsklasse-B 0203"]
[Site "Muensterland"]
[Date "2003.01.18"]
[Round "5.1"]
[White "Koch, Alexander"]
[Black "Van Ackeren, Franz"]
[Result "1-0"]
[WhiteElo "2111"]
[BlackElo "1981"]
[PlyCount "77"]
[EventDate "2002.09.28"]
[EventType "team"]
[EventRounds "9"]
[EventCountry "GER"]
[SourceTitle "EXT 2004"]
[Source "ChessBase"]
[SourceDate "2003.11.25"]
[SourceVersion "1"]
[SourceVersionDate "2003.11.25"]
[SourceQuality "1"]
[WhiteTeam "Metelen"]
[BlackTeam "Westbevern II"]
[WhiteTeamCountry "GER"]
[BlackTeamCountry "GER"]

1. e4 e6 2. d4 c5 3. c3 Nf6 4. Bd3 Nc6 5. Nf3 d6 6. 0-0 Be7 7. a3 h6 8. Nbd2 Qb6 9. Nc4 Qc7 10. Bf4 b5 11. Nxd6+ Bxd6 12. Bxd6 Qxd6 13. e5 Qd5 14. exf6 c4 15. fxg7 Rg8 16. Bc2 Rxg7 17. Re1 f5 18. Nh4 Kd7 19. Qf3 Ne7 20. Re5 Qxf3 21. Nxf3 Bb7 22. Ne1 Bxg2 23. Nxg2 Rag8 24. Rxb5 Rxg2+ 25. Kh1 Kd6 26. Rf1 Nd5 27. Bd1 Nf4 28. Bf3 R2g7 29. Ra5 Rg6 30. h4 h5 31. Rxa7 Nd3 32. b3 Rc8 33. b4 Rgg8 34. b5 e5 35. Ra6+ Ke7 36. dxe5 Rc5 37. b6 Nxe5 38. b7 Nd7 39. Re1+ 1-0